000 01355nam a22002177a 4500
999 _c60219
_d60219
003 Ge_BSU
005 20230620120548.0
008 230620s1993 ge ||||| |||| 00| 0 geo d
020 _a5520013632
041 _ageo
080 _a903.43(479.22) ნ-90
245 _aნოქალაქევი-არქეოპოლისი :
_bარქეოლოგიური გათხრები. კრ. 3, 1983-1989 /
_c საქ. სსრ მეცნ. აკად., საქ. არქეოლ. კომ., ს. ჯანაშიას სახ. საქ. სახელმწ. მუზეუმი.
264 _aთბილისი,
_c1993.
300 _a301 გვ. :
_bტაბ.;
_c27 სმ.
653 _aსაქართველოს უძველესი ქალაქები
653 _aარქეოლოგიური გათხრები
653 _aსამეგრელო.
653 _aარქეოლოგია
710 _aსაქართველოს სსრ მეცნიერებათა აკადემია. საქართველოს არქეოლოგიური კომისია.
_bს. ჯანაშიას სახ. საქართველოს სახელმწიფო მუზეუმი.
_918619
942 _2udc
_cBK